| 000 | 00516nam a2200205 a 4500 | ||
|---|---|---|---|
| 001 | 5636 | ||
| 003 | CO-ViMGA | ||
| 008 | 141112s2004 ck r 000 u spa d | ||
| 020 | _a9586333779 | ||
| 040 |
_aCO-ViMGA _bspa _cCO-ViMGA |
||
| 082 | 0 | 4 | _a823.3 H133m |
| 100 | 1 |
_aHaggard, Henry Rider _94042 |
|
| 245 | 1 | 0 | _aLas minas del Rey Salomón |
| 260 |
_aMexico : _bPorrúa, _c1986 |
||
| 300 | _a213 p | ||
| 490 | _aSepan cuantos..., 508 | ||
| 590 | _aEjemplares : 2 | ||
| 650 | 1 | 4 | _aNOVELA INGLESA |
| 942 |
_2ddc _cBK |
||
| 999 |
_c17618 _d17618 |
||